The odyssey : (Record no. 128736)

MARC details
000 -LEADER
fixed length control field 00715nam a22002417a 4500
005 - DATE AND TIME OF LATEST TRANSACTION
control field 20170124110044.0
010 ## - LIBRARY OF CONGRESS CONTROL NUMBER
LC control number 147642
020 ## - INTERNATIONAL STANDARD BOOK NUMBER
Terms of availability 00.00
035 ## - SYSTEM CONTROL NUMBER
System control number 147642
037 ## - SOURCE OF ACQUISITION
Source of stock number/acquisition Cen Lib/Ret
040 ## - CATALOGING SOURCE
Original cataloging agency DPL
Language of cataloging EN
082 ## - DEWEY DECIMAL CLASSIFICATION NUMBER
Classification number 881
Item number KAZ
100 ## - MAIN ENTRY--PERSONAL NAME
Personal name Kazantzakis, Nikos
9 (RLIN) 24261
245 ## - TITLE STATEMENT
Title The odyssey :
Statement of responsibility, etc by Nikos Kazantzakis; translated by Kimon Friar; illustrated by Ghika
Remainder of title a modern sequel /
260 ## - PUBLICATION, DISTRIBUTION, ETC. (IMPRINT)
Place of publication, distribution, etc London
Name of publisher, distributor, etc Secker and Warburg
Date of publication, distribution, etc 1958
270 ## - ADDRESS
City London
300 ## - PHYSICAL DESCRIPTION
Extent xxxviii, 824p.
Dimensions 22cm(Hb)
650 ## - SUBJECT ADDED ENTRY--TOPICAL TERM
Topical term or geographic name as entry element American literature
9 (RLIN) 23223
650 ## - SUBJECT ADDED ENTRY--TOPICAL TERM
Topical term or geographic name as entry element English Drama
9 (RLIN) 24262
700 ## - ADDED ENTRY--PERSONAL NAME
Personal name Friar, Kimon
9 (RLIN) 23675
700 ## - ADDED ENTRY--PERSONAL NAME
Personal name Ghika
9 (RLIN) 24263
942 ## - ADDED ENTRY ELEMENTS (KOHA)
Source of classification or shelving scheme Dewey Decimal Classification
Koha item type English Books
Classification part 881
Call number suffix KAZ
Holdings
Withdrawn status Lost status Damaged status Not for loan Home library Current library Date acquired Source of acquisition Cost, normal purchase price Total Checkouts Full call number Barcode Date last seen Date checked out Copy number Cost, replacement price Price effective from Koha item type
        Central Library Central Library 03/07/2015 Cen Lib/Ret 0.00 1 881 KAZ 147642 27/09/2022 26/09/2022 1 0.00 03/07/2015 English Books

© Delhi Public Library
Hit Counter
free hit counter